00480nam a2200181Ia 4500008004100000020001800041245002800059245002500087245007000112260001500182260001600197260000900213300001500222300002500237300001000262500000700272999001900279170705s9999 xx 000 0 und d a9780439403788 aThree pigs and a wolf : bin their own words / cby Cindy Chapman and Wiley Blevins ; illustrated by Polly Powell. aNew York : bScholastic, c2002 a21 pages : bcolor illustration ; c26cm. aBR c337205d337205